La transformacin̤ de la obra intelectual

Bibliographic Details
Main Author: Lp̤ez Sǹchez, Cristina
Format: Unknown
Language:Spanish
Published: Madrid : Dykinson, D.L. 2008
Subjects:
Online Access:Acceso restringido

MARC

LEADER 00000ny a22000003n 4500
005 20110623182548.0
008 080417s2008 sp 000 0 spa c
017 |a D.L. SE.39-2008 
020 |a 8498491754 
035 |a 2347 
040 |a SpMaUCBY  |d vlex 
040 |a UMA.RE  |d vlex 
080 |a 347.78 (0.034) 
090 |c 1108  |d 1108 
100 1 |a Lp̤ez Sǹchez, Cristina 
245 1 3 |a La transformacin̤ de la obra intelectual  |h [Recurso electrn̤ico]  |c Cristina Lp̤ez Sǹchez 
256 |a Servicio en ln̕ea 
260 |a Madrid :  |b Dykinson,   |c D.L. 2008 
300 |a 125 p. ;  |c 21 cm 
504 |a Bibliogr.: p. 117-125 
506 1 |a Contenido solo disponible en los productos indicados  |d vLex Global  |d vLex Global (Academic Edition, excluding Law Schools)  |d vLex Global (U.S. Academic Edition, Law Schools)  |d vLex Global (U.S. Academic Edition, excluding Law Schools)  |d vLex Global (Academic Edition, Law Schools) 
650 0 7 |a Propiedad intelectual  |2 Tesauro vLex 
650 0 7 |a Civil  |2 Tesauro vLex 
740 0 |a vLex Libros (Servicios en ln̕ea) 
856 4 0 |u http://vlex.com/source/2347  |z Acceso restringido 
942 |c BOOK